[Event "Moratalaz Open 2007"]
[Site "Madrid ESP"]
[Date "2007.09.16"]
[Round "2.11"]
[White "Marcos Herrero, Francisco"]
[Black "Ballesteros Gonzalez, David"]
[Result "1-0"]
[WhiteElo "1940"]
[BlackElo "2196"]
[PlyCount "97"]
[EventDate "2007.09.15"]
[EventType "swiss"]
[EventRounds "9"]
[EventCountry "ESP"]
[Source "lmi"]
[SourceDate "2007.09.13"]

1. e4 c5 2. Nc3 Nc6 3. g3 d6 4. Bg2 e5 5. d3 g6 6. Nh3 Nf6 7. O-O Nd4 8. Bg5 h6
9. Be3 Ng4 10. Bd2 Bg7 11. Nd5 Nf6 12. Nxf6+ Bxf6 13. c3 Nc6 14. f4 Bg7 15. Be3
Bd7 16. a3 a5 17. a4 Qc8 18. Nf2 Ra6 19. Qd2 Ne7 20. Rac1 Bxa4 21. d4 Bb5 22.
fxe5 Bxf1 23. Bxf1 c4 24. Bh3 Qd8 25. e6 d5 26. exf7+ Kxf7 27. Rf1 Kg8 28. Ng4
g5 29. exd5 Nxd5 30. Ne5 Rf6 31. Nxc4 Rxf1+ 32. Kxf1 Bf6 33. Qd3 Kg7 34. Bd2
Rf8 35. Kg1 b5 36. Ne3 Nxe3 37. Bxe3 Qd5 38. Bf1 Rb8 39. Bg2 Qb3 40. Qf5 Qd1+
41. Bf1 b4 42. Kg2 bxc3 43. Bd3 Rxb2+ 44. Bf2 Rb6 45. Qd7+ Kf8 46. Bg6 Qb3 47.
d5 Rb7 48. Bc5+ Kg8 49. Qe8+ 1-0

[Event "Moratalaz Open 2007"]
[Site "Madrid ESP"]
[Date "2007.09.16"]
[Round "2.12"]
[White "Horcajada Reales, Guillermo"]
[Black "Herrero Corada, Jose Ignacio"]
[Result "1-0"]
[WhiteElo "2190"]
[BlackElo "1942"]
[PlyCount "53"]
[EventDate "2007.09.15"]
[EventType "swiss"]
[EventRounds "9"]
[EventCountry "ESP"]
[Source "lmi"]
[SourceDate "2007.09.13"]

1. e4 c6 2. d4 d5 3. e5 Bf5 4. Nc3 h5 5. Be2 e6 6. Nf3 c5 7. Be3 Qb6 8. dxc5
Bxc5 9. Bxc5 Qxc5 10. Nb5 Nd7 11. Qd4 Kf8 12. Qxc5+ Nxc5 13. Nfd4 Ne7 14. Nd6
Bg6 15. f4 Nf5 16. N6xf5 Bxf5 17. Nxf5 exf5 18. O-O-O Rd8 19. Bf3 Ne4 20. Rd4
Ke7 21. Rhd1 Ke6 22. Kb1 b5 23. a4 bxa4 24. c4 Nc5 25. cxd5+ Kd7 26. Rc4 Rc8
27. Rdc1 1-0

[Event "Moratalaz Open 2007"]
[Site "Madrid ESP"]
[Date "2007.09.16"]
[Round "2.13"]
[White "Pineiro Lozano, Luis"]
[Black "Enjuto Velasco, Roberto"]
[Result "1/2-1/2"]
[WhiteElo "1924"]
[BlackElo "2183"]
[PlyCount "55"]
[EventDate "2007.09.15"]
[EventType "swiss"]
[EventRounds "9"]
[EventCountry "ESP"]
[Source "lmi"]
[SourceDate "2007.09.13"]

1. e4 c5 2. Nc3 Nc6 3. f4 g6 4. Nf3 Bg7 5. Bb5 Nd4 6. O-O e6 7. Kh1 Ne7 8. Nxd4
cxd4 9. Ne2 O-O 10. Ng3 a6 11. Ba4 f5 12. d3 d6 13. Bd2 e5 14. Bb3+ Kh8 15. Qe2
Bd7 16. exf5 Nxf5 17. Ne4 h6 18. g4 Bc6 19. gxf5 gxf5 20. fxe5 fxe4 21. dxe4
Rxf1+ 22. Rxf1 dxe5 23. Qg2 Qd6 24. Rf7 Rg8 25. Qg4 Kh7 26. Rf3 Rf8 27. Rxf8
Qxf8 28. Kg2 1/2-1/2

[Event "Moratalaz Open 2007"]
[Site "Madrid ESP"]
[Date "2007.09.16"]
[Round "2.14"]
[White "Tarin Casado, Francisco"]
[Black "Barez Menendez, Hector"]
[Result "0-1"]
[WhiteElo "1906"]
[BlackElo "2169"]
[PlyCount "120"]
[EventDate "2007.09.15"]
[EventType "swiss"]
[EventRounds "9"]
[EventCountry "ESP"]
[Source "lmi"]
[SourceDate "2007.09.13"]

1. e4 e5 2. Nf3 Nf6 3. Nxe5 d6 4. Nf3 Nxe4 5. Qe2 Qe7 6. d3 Nf6 7. Bg5 Nbd7 8.
Nc3 Qxe2+ 9. Bxe2 h6 10. Bh4 g5 11. Bg3 Nb6 12. O-O-O Bd7 13. Rde1 O-O-O 14.
Nd2 Bg7 15. Nce4 Ne8 16. f4 f5 17. Nf2 Nf6 18. h3 Bc6 19. fxg5 hxg5 20. Bf3 Bd7
21. Nb3 f4 22. Bh2 Rde8 23. Ne4 g4 24. hxg4 Nxe4 25. dxe4 Be5 26. Kb1 Rh4 27.
Nd2 Reh8 28. Nf1 Nc4 29. c3 Bxg4 30. Bxf4 Rxh1 31. Bxg4+ Kb8 32. Bxe5 Nxe5 33.
Be2 Rg8 34. Kc1 Rxg2 35. Kd1 Rgg1 36. Kd2 a6 37. Rd1 Ng6 38. Ng3 Rxd1+ 39. Bxd1
Rh2+ 40. Be2 Nf4 41. Ke3 Nxe2 42. Nxe2 Kc8 43. a4 a5 44. b4 axb4 45. cxb4 c6
46. Nc3 Kc7 47. Kd4 Kb6 48. Kc4 Rc2 49. Kb3 Rc1 50. Kb2 Re1 51. Kb3 Re3 52. Kc4
Rh3 53. Kd4 Rh4 54. Kd3 Kc7 55. Kc2 Kd7 56. Kd3 Ke6 57. b5 cxb5 58. Nxb5 Ke5
59. Nc3 Rh3+ 60. Kc4 Rxc3+ 0-1

[Event "Moratalaz Open 2007"]
[Site "Madrid ESP"]
[Date "2007.09.16"]
[Round "2.15"]
[White "Garcia Ruido, Ricardo"]
[Black "Sanz Esteban, Eduardo"]
[Result "0-1"]
[WhiteElo "2158"]
[BlackElo "1937"]
[PlyCount "67"]
[EventDate "2007.09.15"]
[EventType "swiss"]
[EventRounds "9"]
[EventCountry "ESP"]
[Source "lmi"]
[SourceDate "2007.09.13"]

1. d4 d5 2. Nf3 e6 3. e3 c5 4. b3 Nf6 5. Bd3 Bd6 6. Bb2 O-O 7. O-O Nbd7 8. Nbd2
Qc7 9. Qe2 e5 10. dxe5 Nxe5 11. c4 Bg4 12. h3 Bh5 13. cxd5 Nxd5 14. Bxh7+ Kxh7
15. Ng5+ Kh6 16. g4 Kxg5 17. gxh5 Kh6 18. f4 Nc6 19. Qg2 Nf6 20. Qg5+ Kh7 21.
Bxf6 gxf6 22. Qf5+ Kg7 23. h6+ Kxh6 24. Qxf6+ Kh7 25. Kh1 Rg8 26. Ne4 Rg6 27.
Qh4+ Kg7 28. f5 Rh8 29. fxg6 Rxh4 30. gxf7 Rxe4 31. Rf5 Re6 32. Raf1 Bf8 33. h4
Ne7 34. h5 0-1

[Event "Moratalaz Open 2007"]
[Site "Madrid ESP"]
[Date "2007.09.16"]
[Round "2.16"]
[White "Cano Mercado, Francisco"]
[Black "Ivanovich Balsinde, Nicholas"]
[Result "0-1"]
[WhiteElo "1897"]
[BlackElo "2151"]
[PlyCount "54"]
[EventDate "2007.09.15"]
[EventType "swiss"]
[EventRounds "9"]
[EventCountry "ESP"]
[Source "lmi"]
[SourceDate "2007.09.13"]

1. d4 Nf6 2. Nf3 c5 3. Nc3 cxd4 4. Nxd4 a6 5. e4 Qc7 6. Be3 e6 7. Be2 Bb4 8. f3
d5 9. exd5 Nxd5 10. Bd2 Nxc3 11. bxc3 Bxc3 12. Nb3 Bxa1 13. Qxa1 O-O 14. Bc3 f6
15. O-O e5 16. Bd3 Nc6 17. Qe1 Be6 18. Qg3 Ne7 19. Bb2 Bf5 20. Ba3 Bxd3 21.
cxd3 Rfd8 22. Nc5 Qa5 23. Ne4 Qxa3 24. Nxf6+ Kh8 25. Qh4 Qc5+ 26. Kh1 gxf6 27.
Qxf6+ Kg8 0-1

[Event "Moratalaz Open 2007"]
[Site "Madrid ESP"]
[Date "2007.09.16"]
[Round "2.17"]
[White "Alcaraz Amoros, Antonio"]
[Black "Farmer Negrini, Leo"]
[Result "0-1"]
[WhiteElo "2135"]
[BlackElo "1907"]
[PlyCount "74"]
[EventDate "2007.09.15"]
[EventType "swiss"]
[EventRounds "9"]
[EventCountry "ESP"]
[Source "lmi"]
[SourceDate "2007.09.13"]

1. c4 Nf6 2. Nc3 e6 3. g3 c6 4. Bg2 d5 5. cxd5 exd5 6. d4 Bb4 7. Qc2 O-O 8. Bg5
Qd6 9. Bxf6 Qxf6 10. Nf3 Nd7 11. O-O Re8 12. e3 Nb6 13. a3 Bd6 14. Nd2 Bf5 15.
Qd1 Bd3 16. Re1 Bg6 17. b4 h5 18. Qb3 h4 19. b5 Rab8 20. a4 hxg3 21. hxg3 Bh5
22. a5 Nd7 23. Qa4 Rbc8 24. a6 Nb6 25. Qb3 bxa6 26. bxc6 Qg5 27. Nxd5 Bg4 28.
Nxb6 axb6 29. Ne4 Qh6 30. Nxd6 Qxd6 31. Rxa6 Rxc6 32. Bxc6 Qxc6 33. Qxb6 Qf3
34. Qc6 Re4 35. Qa8+ Kh7 36. Qd8 Bh3 37. Qh4+ Rxh4 0-1

[Event "Moratalaz Open 2007"]
[Site "Madrid ESP"]
[Date "2007.09.16"]
[Round "2.18"]
[White "Garcia Reino, Eduardo Javier"]
[Black "Gago Padreny, Ignacio"]
[Result "0-1"]
[WhiteElo "1889"]
[BlackElo "2124"]
[PlyCount "56"]
[EventDate "2007.09.15"]
[EventType "swiss"]
[EventRounds "9"]
[EventCountry "ESP"]
[Source "lmi"]
[SourceDate "2007.09.13"]

1. e4 c5 2. Nc3 d6 3. g3 g6 4. Bg2 Bg7 5. d3 Nc6 6. f4 e6 7. Nf3 Nge7 8. O-O
O-O 9. Ne2 b5 10. c3 b4 11. Qc2 Ba6 12. g4 bxc3 13. bxc3 Nb4 14. Qd2 Nxd3 15.
Rd1 Qb6 16. h4 Rae8 17. h5 f5 18. Ng5 c4+ 19. Kh2 Nf2 20. Nxe6 Nxg4+ 21. Kh3
Nf2+ 22. Kh2 Nxd1 23. Nxf8 Nf2 24. Ne6 Nxe4 25. Bxe4 fxe4 26. Nxg7 Qf2+ 27. Kh3
Bc8+ 28. f5 Nxf5 0-1

[Event "Moratalaz Open 2007"]
[Site "Madrid ESP"]
[Date "2007.09.16"]
[Round "2.20"]
[White "Sanchez Gonzalez, Sergio"]
[Black "Soler Polo, Diego"]
[Result "1-0"]
[WhiteElo "2098"]
[BlackElo "1905"]
[PlyCount "131"]
[EventDate "2007.09.15"]
[EventType "swiss"]
[EventRounds "9"]
[EventCountry "ESP"]
[Source "lmi"]
[SourceDate "2007.09.13"]

1. c4 Nf6 2. Nc3 e5 3. g3 g6 4. Bg2 Bg7 5. e4 d6 6. Nge2 O-O 7. O-O Be6 8. d3
Qd7 9. Nd5 Bh3 10. Nxf6+ Bxf6 11. Bh6 Bg7 12. Bxg7 Bxg2 13. Kxg2 Kxg7 14. Qb3
Nc6 15. Qc3 f5 16. b4 Kg8 17. b5 Ne7 18. a4 c6 19. Rad1 fxe4 20. dxe4 Qe6 21.
Rd3 cxb5 22. cxb5 Rac8 23. Qd2 Qc4 24. Nc3 d5 25. Nxd5 Nxd5 26. Rxd5 Qxe4+ 27.
Kg1 Rc2 28. Qd1 Qe2 29. Qxe2 Rxe2 30. Rd7 Rf7 31. Rxf7 Kxf7 32. Rc1 Re4 33.
Rc7+ Kg8 34. Rxb7 Rxa4 35. Re7 e4 36. Kf1 Ra5 37. Rb7 Ra2 38. Rb8+ Kg7 39. Rb7+
Kg8 40. h4 h5 41. Ke1 Kf8 42. Kf1 Kg8 43. Re7 Ra5 44. Ke2 Rxb5 45. Rxa7 g5 46.
hxg5 Rxg5 47. Ke3 h4 48. gxh4 Rh5 49. Kxe4 Rxh4+ 50. f4 Rh1 51. Ra6 Re1+ 52.
Kf5 Rb1 53. Kf6 Rb7 54. Ra8+ Kh7 55. Re8 Rb2 56. f5 Ra2 57. Kf7 Ra7+ 58. Re7
Ra6 59. f6 Ra8 60. Rd7 Ra6 61. Rb7 Ra8 62. Re7 Ra6 63. Kf8+ Kg6 64. f7 Ra8+ 65.
Re8 Ra6 66. Kg8 1-0

[Event "Moratalaz Open 2007"]
[Site "Madrid ESP"]
[Date "2007.09.17"]
[Round "3.1"]
[White "Vazquez, Renier"]
[Black "Vega Gomez, Francisco Borja"]
[Result "1-0"]
[WhiteElo "2553"]
[BlackElo "2117"]
[PlyCount "35"]
[EventDate "2007.09.15"]
[EventType "swiss"]
[EventRounds "9"]
[EventCountry "ESP"]
[Source "lmi"]
[SourceDate "2007.09.13"]

1. e4 d5 2. exd5 Qxd5 3. Nc3 Qa5 4. d4 c6 5. Bc4 Nf6 6. Qe2 Bf5 7. Bd2 e6 8.
Nd5 Qd8 9. Nxf6+ Qxf6 10. Nf3 Bg4 11. d5 Bxf3 12. gxf3 cxd5 13. Bxd5 Nd7 14.
O-O-O O-O-O 15. Qc4+ Kb8 16. Bf4+ Ka8 17. Bxb7+ Kxb7 18. Rxd7+ 1-0

[Event "Moratalaz Open 2007"]
[Site "Madrid ESP"]
[Date "2007.09.17"]
[Round "3.2"]
[White "Quintero Torres, Pedro"]
[Black "Moreno Ruiz, Javier"]
[Result "0-1"]
[WhiteElo "2084"]
[BlackElo "2466"]
[PlyCount "63"]
[EventDate "2007.09.15"]
[EventType "swiss"]
[EventRounds "9"]
[EventCountry "ESP"]
[Source "lmi"]
[SourceDate "2007.09.13"]

1. d4 Nf6 2. Nf3 e6 3. g3 b5 4. Bg2 Bb7 5. O-O c5 6. c3 Na6 7. Ne5 Bxg2 8. Kxg2
Be7 9. Bg5 Qc7 10. Bxf6 Bxf6 11. Ng4 Be7 12. Ne5 d6 13. Nf3 O-O 14. e4 Qb7 15.
Qe2 Rac8 16. Na3 b4 17. Qb5 Qxe4 18. Qxa6 bxa3 19. Qxa3 Qa8 20. Qa4 Bf6 21.
dxc5 Rxc5 22. Rfe1 Rb8 23. Rab1 h5 24. h4 a5 25. Re2 Bxc3 26. b3 Bb4 27. a3 Rc3
28. Re3 Rxe3 29. fxe3 Bc5 30. Kf2 Qd5 31. Rb2 Qd3 32. Qxa5 0-1

[Event "Moratalaz Open 2007"]
[Site "Madrid ESP"]
[Date "2007.09.17"]
[Round "3.3"]
[White "Toranzo Fernandez, Dionisio"]
[Black "Madina, Martin"]
[Result "0-1"]
[WhiteElo "2022"]
[BlackElo "2344"]
[PlyCount "100"]
[EventDate "2007.09.15"]
[EventType "swiss"]
[EventRounds "9"]
[EventCountry "ESP"]
[Source "lmi"]
[SourceDate "2007.09.13"]

1. Nf3 g6 2. d4 Bg7 3. c4 d6 4. g3 Nf6 5. Bg2 O-O 6. O-O c6 7. Nc3 Qa5 8. Qd2
h6 9. b3 Qh5 10. Bb2 Bh3 11. Rfe1 Nbd7 12. e4 Rad8 13. Nh4 Bxg2 14. Kxg2 e6 15.
h3 a6 16. a4 Nh7 17. Qd1 Qa5 18. Na2 Qc7 19. Qc2 Qc8 20. Qe2 Rde8 21. Red1 g5
22. Nf3 f5 23. e5 dxe5 24. Nxe5 f4 25. Kg1 fxg3 26. fxg3 c5 27. Nxd7 Qxd7 28.
dxc5 Qc7 29. Kg2 Qc6+ 30. Kh2 Bxb2 31. Qxb2 Rf3 32. Rf1 Ref8 33. Rxf3 Qxf3 34.
Qc2 Qe3 35. Qg6+ Kh8 36. Rg1 Rf2+ 37. Rg2 Qf3 38. Rxf2 Qxf2+ 39. Kh1 Nf6 40.
Qxh6+ Kg8 41. Qg6+ Kf8 42. Qd3 Qxa2 43. Qd6+ Kf7 44. Qc7+ Kg6 45. Qxb7 Qb1+ 46.
Kg2 Qc2+ 47. Kf3 Qd3+ 48. Kg2 Qe2+ 49. Kh1 Ne4 50. Qa8 Qf1+ 0-1

[Event "Moratalaz Open 2007"]
[Site "Madrid ESP"]
[Date "2007.09.17"]
[Round "3.4"]
[White "Gonzalez Somoza, Oliver"]
[Black "Esquivias Gomez, Francisco Javier"]
[Result "1-0"]
[WhiteElo "2343"]
[BlackElo "2060"]
[PlyCount "89"]
[EventDate "2007.09.15"]
[EventType "swiss"]
[EventRounds "9"]
[EventCountry "ESP"]
[Source "lmi"]
[SourceDate "2007.09.13"]

1. e4 Nf6 2. Nc3 d5 3. e5 d4 4. Nce2 Ng4 5. f4 h5 6. Nf3 c5 7. b4 e6 8. bxc5
Bxc5 9. h3 Nh6 10. Ng3 h4 11. Ne4 Be7 12. Rb1 Nf5 13. Bd3 Nc6 14. O-O b6 15. a4
Bb7 16. Re1 Nb4 17. Bb5+ Kf8 18. d3 Rc8 19. Bc4 Bd5 20. Ba3 a5 21. Nd6 Bxf3 22.
Qxf3 Bxd6 23. exd6 Qxd6 24. Re5 g6 25. Rb5 Kg7 26. Bxb4 axb4 27. R1xb4 Rc6 28.
Qe4 f6 29. Bb3 Ng3 30. Qf3 Qxf4 31. Qxf4 Ne2+ 32. Kf2 Nxf4 33. Rxb6 Rxb6 34.
Rxb6 Ra8 35. Kf3 g5 36. Rb4 e5 37. Rb5 Kg6 38. a5 Ra7 39. Bg8 Kg7 40. Bc4 Ng6
41. a6 Ne7 42. Rb7 Rxb7 43. axb7 Nc6 44. Ke4 Kg6 45. Kd5 1-0

[Event "Moratalaz Open 2007"]
[Site "Madrid ESP"]
[Date "2007.09.17"]
[Round "3.5"]
[White "Arauz Alonso, Fernando"]
[Black "Elissalt Cardenas, Hector"]
[Result "1/2-1/2"]
[WhiteElo "1967"]
[BlackElo "2329"]
[PlyCount "108"]
[EventDate "2007.09.15"]
[EventType "swiss"]
[EventRounds "9"]
[EventCountry "ESP"]
[Source "lmi"]
[SourceDate "2007.09.13"]

1. e4 e6 2. d3 d5 3. Nd2 Nf6 4. Ngf3 Nc6 5. c3 a5 6. e5 Nd7 7. d4 f6 8. exf6
Qxf6 9. Bb5 Bd6 10. O-O O-O 11. Nb3 h6 12. Be3 Ne7 13. Qc2 c6 14. Bd3 a4 15.
Nbd2 a3 16. b4 e5 17. dxe5 Nxe5 18. Bd4 Nxf3+ 19. Nxf3 Qf4 20. Rae1 Bf5 21. Ne5
Bxd3 22. Qxd3 Rae8 23. g3 Qf5 24. Qd2 Qh3 25. Nd3 Nf5 26. Be5 Bxe5 27. Nxe5 Nd6
28. Ng6 Ne4 29. Qd4 Ng5 30. Nh4 Re4 31. Rxe4 dxe4 32. Qc4+ Kh7 33. f4 exf3 34.
Qd3+ Kg8 35. Qc4+ Qe6 36. Qxe6+ Nxe6 37. Nxf3 Nc7 38. Nd4 Rxf1+ 39. Kxf1 Nd5
40. Ne2 Kf7 41. Ke1 Ke6 42. Kd2 Ke5 43. Kd3 Nf6 44. Nd4 Nd5 45. Nc2 Kf5 46. h3
Nf6 47. Nxa3 Ne4 48. Nc4 b5 49. Ne3+ Ke5 50. Ng4+ Kd5 51. Ne3+ Ke5 52. Ng4+ Kd5
53. Ne3+ Ke5 54. Ng4+ Kd5 1/2-1/2

[Event "Moratalaz Open 2007"]
[Site "Madrid ESP"]
[Date "2007.09.17"]
[Round "3.6"]
[White "Sanz Esteban, Eduardo"]
[Black "Rubio Mejia, Luis"]
[Result "0-1"]
[WhiteElo "1937"]
[BlackElo "2270"]
[PlyCount "68"]
[EventDate "2007.09.15"]
[EventType "swiss"]
[EventRounds "9"]
[EventCountry "ESP"]
[Source "lmi"]
[SourceDate "2007.09.13"]

1. e4 c5 2. Nc3 d6 3. d3 Nc6 4. g3 g6 5. Bg2 Bg7 6. Be3 Rb8 7. Qd2 e6 8. Nge2
Nd4 9. O-O b5 10. Nc1 b4 11. Nd1 Qa5 12. c3 bxc3 13. bxc3 Nc6 14. Qc2 Nge7 15.
Nb3 Qc7 16. Nb2 Ba6 17. Rfe1 O-O 18. f4 Na5 19. c4 Nec6 20. e5 dxe5 21. Bxc5
exf4 22. Bxf8 Kxf8 23. Rab1 fxg3 24. h3 Nxb3 25. axb3 Nd4 26. Qd1 Rxb3 27. Na4
Ra3 28. Kh1 Bf6 29. Nb2 Bb7 30. Qd2 Nf3 31. Bxf3 Bxf3+ 32. Kg1 Bd4+ 33. Re3 Qb6
34. Rbe1 Ra2 0-1

[Event "Moratalaz Open 2007"]
[Site "Madrid ESP"]
[Date "2007.09.17"]
[Round "3.7"]
[White "De la Fuente Gonzalez, Francisco"]
[Black "Castejon Caballero, Andres"]
[Result "1-0"]
[WhiteElo "2230"]
[BlackElo "2037"]
[PlyCount "67"]
[EventDate "2007.09.15"]
[EventType "swiss"]
[EventRounds "9"]
[EventCountry "ESP"]
[Source "lmi"]
[SourceDate "2007.09.13"]

1. c4 Nf6 2. g3 g6 3. Bg2 Bg7 4. Nc3 O-O 5. Nf3 d6 6. O-O e5 7. d3 Nbd7 8. Rb1
h5 9. Bg5 Qe8 10. Qd2 c6 11. Bh6 a5 12. Bxg7 Kxg7 13. h4 Rb8 14. a3 b5 15. cxb5
cxb5 16. Ne4 a4 17. Nxd6 Qe6 18. Nxc8 Rfxc8 19. Ng5 Qd6 20. Rbc1 Nc5 21. Qb4
Qd4 22. Qxd4 exd4 23. Bh3 Ng4 24. f3 Nb3 25. Rxc8 Rxc8 26. fxg4 f5 27. gxf5
gxf5 28. Rxf5 Rc2 29. Rf7+ Kg8 30. Rb7 Rxe2 31. Be6+ Kf8 32. Rf7+ Ke8 33. Bd7+
Kd8 34. Ne6+ 1-0

[Event "Moratalaz Open 2007"]
[Site "Madrid ESP"]
[Date "2007.09.17"]
[Round "3.8"]
[White "Farmer Negrini, Leo"]
[Black "Estrada Martinez, Cesar"]
[Result "0-1"]
[WhiteElo "1907"]
[BlackElo "2211"]
[PlyCount "76"]
[EventDate "2007.09.15"]
[EventType "swiss"]
[EventRounds "9"]
[EventCountry "ESP"]
[Source "lmi"]
[SourceDate "2007.09.13"]

1. d4 c5 2. Nf3 cxd4 3. Nxd4 Nc6 4. e3 Nf6 5. Nc3 g6 6. Bc4 Bg7 7. Bd2 O-O 8.
O-O d5 9. Be2 e5 10. Nf3 Bf5 11. h3 h6 12. Nh4 Be6 13. f4 d4 14. exd4 exd4 15.
Nb1 Nd5 16. f5 Qxh4 17. fxe6 fxe6 18. Bg4 Rxf1+ 19. Qxf1 Qe7 20. Qe2 Re8 21.
Na3 Kh7 22. Re1 e5 23. Nc4 e4 24. Bc1 Nf6 25. b3 h5 26. Ba3 Qd8 27. Nd6 hxg4
28. Nxe8 Qxe8 29. Qf2 gxh3 30. Qh4+ Kg8 31. Qxh3 e3 32. Bc5 Qe5 33. Ba3 Qa5 34.
Qc8+ Kh7 35. Rf1 e2 36. Rxf6 e1=Q+ 37. Rf1 Qe3+ 38. Kh1 Qh5+ 0-1

[Event "Moratalaz Open 2007"]
[Site "Madrid ESP"]
[Date "2007.09.17"]
[Round "3.9"]
[White "Rodriguez Bachiller, Luis"]
[Black "Horcajada Reales, Guillermo"]
[Result "0-1"]
[WhiteElo "1895"]
[BlackElo "2190"]
[PlyCount "78"]
[EventDate "2007.09.15"]
[EventType "swiss"]
[EventRounds "9"]
[EventCountry "ESP"]
[Source "lmi"]
[SourceDate "2007.09.13"]

1. e4 c5 2. Nf3 Nc6 3. Bb5 g6 4. O-O Bg7 5. Nc3 Nd4 6. Bc4 d6 7. Nxd4 cxd4 8.
Qf3 e6 9. Bb5+ Bd7 10. Bxd7+ Qxd7 11. Ne2 Ne7 12. d3 O-O 13. c3 dxc3 14. Nxc3
d5 15. exd5 Nxd5 16. Nxd5 Qxd5 17. Qxd5 exd5 18. Rb1 Rac8 19. Be3 Rc2 20. Rfc1
Rfc8 21. Rxc2 Rxc2 22. Bxa7 Bxb2 23. Kf1 b5 24. Bc5 f5 25. g3 Kf7 26. d4 f4 27.
gxf4 Rc1+ 28. Rxc1 Bxc1 29. Bd6 Ke6 30. Be5 Kf5 31. Ke2 Bxf4 32. Bxf4 Kxf4 33.
f3 g5 34. a3 h5 35. Kf2 g4 36. fxg4 hxg4 37. Kg2 Ke3 38. Kg3 Kxd4 39. Kxg4 Ke3
0-1

[Event "Moratalaz Open 2007"]
[Site "Madrid ESP"]
[Date "2007.09.17"]
[Round "3.10"]
[White "Barez Menendez, Hector"]
[Black "Perez Pascual, Arturo"]
[Result "1-0"]
[WhiteElo "2169"]
[BlackElo "2020"]
[PlyCount "66"]
[EventDate "2007.09.15"]
[EventType "swiss"]
[EventRounds "9"]
[EventCountry "ESP"]
[Source "lmi"]
[SourceDate "2007.09.13"]

1. d4 d5 2. c4 c6 3. cxd5 cxd5 4. Nc3 Nf6 5. Nf3 Nc6 6. Bf4 e6 7. e3 Bd6 8. Bd3
h6 9. O-O O-O 10. Rc1 Nh5 11. Be5 a6 12. Bb1 Bxe5 13. Nxe5 Nf6 14. Nxc6 bxc6
15. Na4 Qd6 16. Rc3 Bd7 17. Nc5 Rfb8 18. Qe2 Rb6 19. Rfc1 Be8 20. Ra3 a5 21.
Qd2 e5 22. Rxa5 Rxa5 23. Qxa5 Rxb2 24. dxe5 Qxe5 25. Nd3 Rxb1 26. Rxb1 Qf5 27.
Rd1 Kh7 28. Qc3 Qh5 29. Qc2 g6 30. Nc5 Ng4 31. h3 Ne5 32. Rb1 Bd7 33. Nxd7 Nxd7
1-0

[Event "Moratalaz Open 2007"]
[Site "Madrid ESP"]
[Date "2007.09.17"]
[Round "3.11"]
[White "Ivanovich Balsinde, Nicholas"]
[Black "Marcos Herrero, Francisco"]
[Result "1-0"]
[WhiteElo "2151"]
[BlackElo "1940"]
[PlyCount "99"]
[EventDate "2007.09.15"]
[EventType "swiss"]
[EventRounds "9"]
[EventCountry "ESP"]
[Source "lmi"]
[SourceDate "2007.09.13"]

1. e4 d6 2. d4 Nf6 3. Nc3 g6 4. Bg5 Bg7 5. e5 dxe5 6. dxe5 Ng4 7. Qxd8+ Kxd8 8.
Rd1+ Bd7 9. e6 fxe6 10. Be2 Bxc3+ 11. bxc3 Nf6 12. Bf3 c6 13. Ne2 e5 14. Ng3
Ke8 15. O-O Be6 16. Rb1 b6 17. Rfe1 Bxa2 18. Ra1 Bd5 19. Rxe5 Nbd7 20. Bxf6
Nxf6 21. Rae1 Bxf3 22. Rxe7+ Kf8 23. gxf3 Re8 24. Rxe8+ Nxe8 25. Ra1 a5 26. c4
Nd6 27. c5 bxc5 28. Rxa5 Ke7 29. Rxc5 Kd7 30. Ne4 Rf8 31. Ra5 Nxe4 32. fxe4 h6
33. Kg2 Kd6 34. Kg3 Rb8 35. Kf4 Rb4 36. Ke3 Rb1 37. Ra7 Rc1 38. Rg7 Rxc2 39.
Rxg6+ Kd7 40. Rxh6 c5 41. f4 c4 42. f5 Ra2 43. Kd4 Re2 44. e5 c3 45. e6+ Ke7
46. Kxc3 Rf2 47. Rh5 Re2 48. Kd3 Re1 49. Rh7+ Kf6 50. Rf7+ 1-0

[Event "Moratalaz Open 2007"]
[Site "Madrid ESP"]
[Date "2007.09.17"]
[Round "3.12"]
[White "Gago Padreny, Ignacio"]
[Black "Nieto de la Cruz, Julio"]
[Result "1/2-1/2"]
[WhiteElo "2124"]
[BlackElo "1625"]
[PlyCount "144"]
[EventDate "2007.09.15"]
[EventType "swiss"]
[EventRounds "9"]
[EventCountry "ESP"]
[Source "lmi"]
[SourceDate "2007.09.13"]

1. d4 Nf6 2. c4 c5 3. d5 b5 4. cxb5 a6 5. bxa6 Bxa6 6. Nc3 g6 7. e4 Bxf1 8.
Kxf1 d6 9. Nge2 Bg7 10. h3 Nbd7 11. Kg1 O-O 12. Kh2 Ra6 13. Qc2 Qa8 14. Rd1 Rb8
15. b3 Rb4 16. Rb1 Qa7 17. Be3 Ne5 18. Kg1 Nxe4 19. Nxe4 Rxa2 20. Qc1 Rxe2 21.
Nc3 Rxe3 22. Qxe3 Qb7 23. Ne2 Kf8 24. Qd2 Kg8 25. Qa2 Nd7 26. Qc2 Nf6 27. Nc3
Ne8 28. Na2 Rd4 29. Rxd4 Bxd4 30. b4 Qb5 31. Qd1 Nf6 32. Nc1 Nxd5 33. Ne2 Nc3
34. Nxc3 Bxc3 35. bxc5 Qxc5 36. Rc1 Qe5 37. Qg4 Bd4 38. h4 Bxf2+ 39. Kh1 Bc5
40. Qf3 Qe3 41. Qxe3 Bxe3 42. Re1 Bf2 43. Rxe7 Bxh4 44. Re8+ Kg7 45. Kg1 h5 46.
Kf1 Bg3 47. Ke2 g5 48. Re3 Bf4 49. Rd3 h4 50. Kf3 Kg6 51. Rd5 f5 52. Rd3 Be5
53. Ke2 g4 54. Kf2 Kg5 55. Rb3 Bd4+ 56. Ke2 f4 57. Rd3 Be5 58. Rb3 f3+ 59. gxf3
g3 60. Rb4 h3 61. Rg4+ Kf5 62. Rh4 h2 63. Kf1 d5 64. Kg2 d4 65. Re4 d3 66. Re3
d2 67. Rd3 Bc3 68. Kh1 Kf4 69. Kg2 Bb4 70. Kh1 d1=Q+ 71. Rxd1 Kxf3 72. Rd2 Bxd2
1/2-1/2

[Event "Moratalaz Open 2007"]
[Site "Madrid ESP"]
[Date "2007.09.17"]
[Round "3.14"]
[White "Enjuto Velasco, Roberto"]
[Black "Sanchez Crespo, Ignacio"]
[Result "1/2-1/2"]
[WhiteElo "2183"]
[BlackElo "1972"]
[PlyCount "46"]
[EventDate "2007.09.15"]
[EventType "swiss"]
[EventRounds "9"]
[EventCountry "ESP"]
[Source "lmi"]
[SourceDate "2007.09.13"]

1. Nf3 Nf6 2. d4 g6 3. c4 Bg7 4. g3 O-O 5. Bg2 d6 6. O-O Nbd7 7. Nc3 c6 8. e4
e5 9. h3 Qb6 10. Re1 Re8 11. d5 cxd5 12. cxd5 Nc5 13. Rb1 Qb4 14. Be3 Nfxe4 15.
a3 Nxc3 16. axb4 Nxd1 17. Bxc5 dxc5 18. bxc5 Nxf2 19. Kxf2 Bf5 20. Rbc1 Rac8
21. b4 a5 22. d6 axb4 23. d7 Bxd7 1/2-1/2

[Event "Moratalaz Open 2007"]
[Site "Madrid ESP"]
[Date "2007.09.17"]
[Round "3.15"]
[White "Alarcia Astriz, Carlos"]
[Black "Suarez Uriel, Adrian"]
[Result "1-0"]
[WhiteElo "2173"]
[BlackElo "1668"]
[PlyCount "65"]
[EventDate "2007.09.15"]
[EventType "swiss"]
[EventRounds "9"]
[EventCountry "ESP"]
[Source "lmi"]
[SourceDate "2007.09.13"]

1. e4 c5 2. Nf3 Nc6 3. d4 cxd4 4. Nxd4 g6 5. f4 Bg7 6. Nf3 Nf6 7. Nc3 d6 8. Bd3
Qb6 9. Qe2 Bg4 10. Qf2 Nd7 11. Nd5 Qxf2+ 12. Kxf2 Rc8 13. c3 Nc5 14. Bc2 b5 15.
Bd2 a5 16. Rab1 e6 17. Ne3 Bxf3 18. Kxf3 O-O 19. Rhd1 a4 20. Be1 Rfd8 21. g4 b4
22. cxb4 Na6 23. Bxa4 Ncxb4 24. Bb5 Rb8 25. Be2 Nc5 26. a3 Nc6 27. Bc3 d5 28.
exd5 Bxc3 29. dxc6 Rxd1 30. Rxd1 Bf6 31. b4 Nb3 32. Ke4 Rc8 33. Bc4 1-0